Pekeliling kemajuan pentadbiran awam : (Record no. 174)

000 -LEADER
fixed length control field nam a22 a 4500
003 - CONTROL NUMBER IDENTIFIER
control field AKMAL
005 - DATE AND TIME OF LATEST TRANSACTION
control field 20170425093612.0
008 - FIXED-LENGTH DATA ELEMENTS--GENERAL INFORMATION
fixed length control field 170425s1996 my 00 may d
020 ## - INTERNATIONAL STANDARD BOOK NUMBER
International Standard Book Number 9677005146 (kkt.):
Terms of availability RM 25.00
040 ## - CATALOGING SOURCE
Original cataloging agency AKMAL
082 04 - DEWEY DECIMAL CLASSIFICATION NUMBER
Classification number 340.5950683 PEK
090 00 - LOCALLY ASSIGNED LC-TYPE CALL NUMBER (OCLC); LOCAL CALL NUMBER (RLIN)
Classification number (OCLC) (R) ; Classification number, CALL (RLIN) (NR) 340.5950683
Local cutter number (OCLC) ; Book number/undivided call number, CALL (RLIN) PEK
110 1# - MAIN ENTRY--CORPORATE NAME
Corporate name or jurisdiction name as entry element Malaysia
9 (RLIN) 400
245 10 - TITLE STATEMENT
Title Pekeliling kemajuan pentadbiran awam :
Remainder of title semua pindaan hingga Disember, 1996 /
Statement of responsibility, etc. disusun semula oleh Penasihat Undang-Undang MDC
260 ## - PUBLICATION, DISTRIBUTION, ETC.
Place of publication, distribution, etc. Kuala Lumpur :
Name of publisher, distributor, etc. MDC Penerbit Pencetak,
Date of publication, distribution, etc. 1996
300 00 - PHYSICAL DESCRIPTION
Extent vi, 551ms. ;
Dimensions 26cm
500 ## - GENERAL NOTE
General note Bil.1 tahun 1991 hingga Bil.11 tahun 1991. - Bil.1 tahun 1992 hingga Bil. 4 tahun 1992. - Bil.1 tahun 1993 hingga Bil.3 tahun 1993. - Bil.1 tahun 1994. -Bil. Tahun 1995. -Bil. 1 Tahun 1996
650 #0 - SUBJECT ADDED ENTRY--TOPICAL TERM
Topical term or geographic name entry element Civil service
General subdivision Personnel management
-- Handbooks, manuals, etc.
Geographic subdivision Malaysia
9 (RLIN) 414
650 #0 - SUBJECT ADDED ENTRY--TOPICAL TERM
Topical term or geographic name entry element Civil service
General subdivision Training of
Geographic subdivision Malaysia
9 (RLIN) 415
650 #0 - SUBJECT ADDED ENTRY--TOPICAL TERM
Topical term or geographic name entry element Civil service ethics
Geographic subdivision Malaysia
9 (RLIN) 416
710 2# - ADDED ENTRY--CORPORATE NAME
Corporate name or jurisdiction name as entry element Penasihat Undang-Undang MDC
9 (RLIN) 405
942 ## - ADDED ENTRY ELEMENTS (KOHA)
Source of classification or shelving scheme
Koha item type Book
Holdings
Withdrawn status Lost status Source of classification or shelving scheme Damaged status Not for loan Collection code Home library Current library Shelving location Date acquired Inventory number Total Checkouts Full call number Barcode Date last seen Price effective from Koha item type
          NON-FICTION AKMAL Melaka AKMAL Melaka PINJAMAN 25.04.2017 002821   340.5950683 PEK 201700305 25.04.2017 25.04.2017 Book
Pusat Sumber Maklumat Dato' Haji Sarmin Md Hussin, Akademi Kastam Diraja Malaysia, Melaka
Tel: 06-2331106 | Faks: 06-2313787